| 000 | 00765nmm a2200277 a 4500 | ||
|---|---|---|---|
| 003 | AR-BaBNM | ||
| 005 | 20251128203640.0 | ||
| 008 | 176019s1964 ||||||||||||||000 | spa|| | ||
| 040 | _cAR-BaBNM | ||
| 100 | 1 | _aIglesias, Luis F. | |
| 245 | 1 | 0 | _aLa escuela rural unitaria |
| 250 | _a3ª ed. | ||
| 260 |
_aBuenos Aires _bStilcograf _c1964 |
||
| 300 | 0 |
_a412 p. _bdiagr., il., tablas |
|
| 504 | _aContiene bibliografía en notas a pie de página | ||
| 650 | 4 | _aEDUCACION RURAL | |
| 650 | 4 | _aESCUELAS RURALES | |
| 650 | 4 | _aZONAS RURALES | |
| 650 | 4 | _aENSENANZA DE LA LECTURA | |
| 650 | 4 | _aENSENANZA DE LA ESCRITURA | |
| 650 | 4 | _aEDUCACION ARTISTICA | |
| 650 | 4 | _aEDUCACION ESTETICA | |
| 653 | 0 | _aENSENANZA DE LA LENGUA | |
| 942 | _cBK | ||
| 998 | _csilvi | ||
| 999 |
_c4320 _d4320 |
||